U.S. Government Agencies - Statistics

General Stats
  • This quiz has been taken 366 times
  • The average score is 17 of 32
Answer Stats
Hint Full Name % Correct
FBI Federal Bureau of Investigation
95%
CIA Central Intelligence Agency
91%
DOJ Department of Justice
82%
NSA National Security Agency
81%
DoD Department of Defense
79%
FDA Food and Drug Administration
75%
DHS Department of Homeland Security
74%
USAF United States Air Force
74%
DOT Department of Transportation
73%
USMC United States Marine Corp
72%
IRS Internal Revenue Service
71%
USN United States Navy
68%
CDC Center for Disease Control
63%
USCG United States Coast Guard
62%
USA United States Army
60%
DOE Department of Energy
55%
FAA Federal Aviation Administration
55%
NASA National Aeronautics and Space Administration
53%
DEA Drug Enforcement Administration
51%
FEMA Federal Emergency Management Agency
51%
USDA United States Department of Agriculture
49%
ATF Alcohol, Tobacco, and Firearms
48%
FCC Federal Communications Commission
45%
NWS National Weather Service
42%
TSA Transportation Security Agency
39%
ICE Immigration and Customs Enforcement
38%
CBP Customs and Border Patrol
21%
NOAA National Oceanic and Atmospheric Administration
21%
BIA Bureau of Indian Affairs
11%
NHTSA National Highway Traffic Safety Administration
9%
NCIS Naval Criminal Investigative Services
8%
AFOSI Air Force Office of Special Investigation
7%
No matching quizzes found
Score Distribution
Percent of People with Each Score
Percentile by Number Answered
Your Score History
You have not taken this quiz